| 000 | 00724nam a2200193 a 4500 | ||
|---|---|---|---|
| 003 | OSt | ||
| 005 | 20131008143209.0 | ||
| 008 | 131008s1995 ag ||||| |||| 00| 0 spa d | ||
| 040 | _cBiblioteca Medicina | ||
| 041 | _aspa | ||
| 082 | _bMINIST. DE SALUD 0405 | ||
| 110 |
_aMinisterio de Cultura y Educacion _92610 |
||
| 245 | 0 | 3 | _aLa Universidad. Boletin Informativo de la Secretaria de Politicas Universitarias. |
| 260 |
_aBuenos Aires _bMinisterio de Cultura y Educacion; _bSecretaria de Politicas Universitarias _c1995 |
||
| 300 | _a102 p. | ||
| 653 | _aUNIVERSIDADES-BOLETIN | ||
| 942 |
_2ddc _cPH |
||
| 999 |
_c1767 _d1767 |
||
| 952 |
_40 _00 _bBFM _10 _oMINIST. DE SALUD 0405 _d2013-10-08 _tEj. 1 _8NFIC _70 _cCR _2ddc _yPH _aBFM |
||